Filosofía mínima

Sparad:
Bibliografiska uppgifter
Huvudupphovsman: Ayllón Vega, José Ramón (Författare, medförfattare)
Materialtyp: Bok
Språk:spanska
Publicerad: Barcelona Ariel 2007
Upplaga:5a. ed
Ämnen:
Taggar: Lägg till en tagg
Inga taggar, Lägg till första taggen!

MARC

LEADER 00000nam a2200000 a 4500
001 UCH0745
003 CL-VaPUC
008 090326e20070000SP |||||||||||||||||spa|d
020 |a 9788434412187 
082 0 4 |a 101  |b AYL  |2 21 
100 0 |a Ayllón Vega, José Ramón  |e author  |9 535052 
245 1 0 |a Filosofía mínima 
250 |a 5a. ed 
300 |a 322 p 
942 |c BK 
945 |d 20090326 00:00:00  |a rbrito 
260 |a Barcelona  |b Ariel  |c 2007 
650 0 |a Filosofía   |9 223554 
650 0 |a Lógica  |9 256849 
650 0 |a Ética  |9 255099 
650 0 |a Teoría del conocimiento   |9 255038 
650 0 |a Religión   |9 255164 
583 |a last modification  |c 20140403 05:09:15  |k Rodrigo Vera 
999 |c 332988  |d 332986 
952 |0 0  |1 0  |4 0  |6 101_000000000000000_AYL_2007  |7 0  |8 A  |9 421095  |a BIBEDU  |b BIBEDU  |d 2019-11-22  |i 4524055  |l 1  |o 101 AYL 2007  |p 4524055  |r 2024-12-05  |s 2024-11-21  |w 2019-11-22  |y BK  |k PAR 
952 |0 0  |1 0  |4 0  |6 101_000000000000000_AYL_2007  |7 0  |8 A  |9 421096  |a BIBEDU  |b BIBEDU  |d 2019-11-22  |i 4524411  |o 101 AYL 2007  |p 4524411  |r 2019-11-22  |w 2019-11-22  |y BK  |k PAR